| 000 | 00596nam a2200217 a 4500 | ||
|---|---|---|---|
| 008 | |||
| 020 | _a0632006099 (pbk.) | ||
| 049 | _aMAIN | ||
| 090 |
_aQH430 _bRUS |
||
| 100 | 1 | _aRussell, Peter J. | |
| 245 | 1 | 0 |
_aLecture notes on genetics / _cPeter J. Russell. |
| 260 |
_aOxford : _bBlackwell Scientific Publications , _c1980. |
||
| 300 |
_avi, 258 p. ; _c23cm. |
||
| 650 | 2 | _aGenetics. | |
| 650 | 0 | _aGenetics. | |
| 907 |
_a.b10050024 _b08-06-09 _c17-04-03 |
||
| 003 | |||
| 005 | 20230123133223.0 | ||
| 040 | _cNUST | ||
| 942 |
_cBOOKS _kQH430 _mRUS |
||
| 999 |
_c144815 _d144815 |
||